ბათუმის შოთა რუსთაველის სახელმწიფო უნივერსიტეტის ბიბლიოთეკა

Помидоры (ბიბ.ჩანაწერი № 45663)

000 -LEADER
fixed length control field 00503nam a2200205Ia 4500
001 - CONTROL NUMBER
control field 12489
003 - CONTROL NUMBER IDENTIFIER
control field GE_BSU
008 - FIXED-LENGTH DATA ELEMENTS--GENERAL INFORMATION
fixed length control field 181216s||||||||xx |||||||||||||| ||und||
040 ## - CATALOGING SOURCE
Transcribing agency GE_BSU
080 ## - UNIVERSAL DECIMAL CLASSIFICATION NUMBER
Universal Decimal Classification number 635.3
100 ## - MAIN ENTRY--PERSONAL NAME
Personal name Альпатьев,А.В.
245 ## - TITLE STATEMENT
Title Помидоры
245 ## - TITLE STATEMENT
Statement of responsibility, etc. Ред.Г.Соколова
260 ## - PUBLICATION, DISTRIBUTION, ETC.
Place of publication, distribution, etc. Москва
260 ## - PUBLICATION, DISTRIBUTION, ETC.
Name of publisher, distributor, etc. Московский рабочий
260 ## - PUBLICATION, DISTRIBUTION, ETC.
Date of publication, distribution, etc. 1976
300 ## - PHYSICAL DESCRIPTION
Extent 239стр.20см.илл.
653 ## - INDEX TERM--UNCONTROLLED
Uncontrolled term Помидоры
942 ## - ADDED ENTRY ELEMENTS (KOHA)
Koha item type წიგნი
ეგზემპლარები
Withdrawn status Lost status Damaged status Not for loan Date acquired Barcode Date last seen Price effective from Koha item type
        2018-12-17 20523 2018-12-17 2018-12-17 წიგნი